[Event "IRI-ch U16"]
[Site "Chess.com INT"]
[Date "2021.01.16"]
[Round "10"]
[White "Namazian, Ehsan"]
[Black "Fazeli Ghazijahani, Ali"]
[Result "1/2-1/2"]
[WhiteElo "1213"]
[BlackElo "1607"]
[PlyCount "126"]
[EventDate "2021.01.16"]
[EventType "swiss"]
[EventRounds "11"]
[EventCountry "IRI"]
[SourceTitle "EXT 2022"]
[Source "ChessBase"]
[SourceDate "2021.10.06"]
[SourceVersion "1"]
[SourceVersionDate "2021.10.06"]
[SourceQuality "1"]

1. e4 e5 2. Nf3 Nc6 3. d4 exd4 4. Bc4 Bc5 5. c3 Nf6 6. e5 d5 7. Bb5 Ne4 8. cxd4 Bb6 9. 0-0 Bg4 10. Bxc6+ bxc6 11. Be3 0-0 12. Nbd2 f6 13. Qa4 fxe5 14. Nxe4 dxe4 15. Nxe5 Be2 16. Rfe1 Bb5 17. Qb3+ Qd5 18. Qc3 a5 19. a4 Ba6 20. Qxc6 Qxc6 21. Nxc6 Rf6 22. Ne5 Re8 23. Rac1 Rd6 24. Rc6 Red8 25. Rxd6 Rxd6 26. Rd1 Rd5 27. Rd2 Bd3 28. Nxd3 exd3 29. Rxd3 c5 30. Kf1 cxd4 31. Bd2 Rd6 32. Ke2 Re6+ 33. Kf3 Rf6+ 34. Kg3 Bc7+ 35. f4 Rd6 36. Kf3 Bb6 37. h3 Rc6 38. b4 axb4 39. Bxb4 Rc4 40. Rb3 d3 41. Bd2 Bc7 42. a5 Ra4 43. Rxd3 Bxa5 44. Bxa5 Rxa5 45. g4 Ra7 46. Ke4 Kf7 47. Kf5 g6+ 48. Kg5 Kg7 49. Re3 h6+ 50. Kh4 Ra4 51. Kg3 Kf7 52. h4 Rb4 53. Kf3 Rc4 54. Rd3 Ke7 55. Re3+ Kf6 56. Rd3 Ke6 57. Ke3 Rc1 58. Kf3 Rh1 59. Kg3 Rg1+ 60. Kf3 Rf1+ 61. Kg3 Rg1+ 62. Kh3 Rh1+ 63. Kg3 Rg1+ 1/2-1/2

[Event "IRI-ch U16"]
[Site "Chess.com INT"]
[Date "2021.01.16"]
[Round "2"]
[White "Namazian, Ehsan"]
[Black "Soltani, Mohammad"]
[Result "1-0"]
[WhiteElo "1213"]
[BlackElo "1725"]
[PlyCount "115"]
[EventDate "2021.01.16"]
[EventType "swiss"]
[EventRounds "11"]
[EventCountry "IRI"]
[SourceTitle "EXT 2022"]
[Source "ChessBase"]
[SourceDate "2021.10.06"]
[SourceVersion "1"]
[SourceVersionDate "2021.10.06"]
[SourceQuality "1"]

1. e4 e5 2. Nf3 Nc6 3. d4 exd4 4. Bc4 Nf6 5. e5 d5 6. Bb5 Ne4 7. 0-0 Bc5 8. Nxd4 0-0 9. Bxc6 bxc6 10. Nxc6 Qh4 11. Be3 Ba6 12. Bxc5 Bxf1 13. Qxf1 Nxc5 14. Nc3 d4 15. Nb5 Ne6 16. Qc4 a6 17. Nbxd4 Nxd4 18. Nxd4 Rad8 19. c3 Rfe8 20. Qxc7 Qf4 21. h3 Rc8 22. Qd6 Rxe5 23. Qxa6 Rce8 24. Nf3 Re2 25. b3 Qc7 26. c4 Qc5 27. Rf1 h6 28. a3 Ra2 29. b4 Qxb4 30. axb4 Rxa6 31. c5 Rb8 32. Rb1 Ra4 33. b5 Ra5 34. Nd4 Ra4 35. Nf5 Rc4 36. c6 Rc5 37. Nd4 Kf8 38. b6 Rc4 39. b7 Ke8 40. Re1+ Kd8 41. Re4 Kc7 42. Ne6+ fxe6 43. Rxc4 Rd8 44. f4 Rd2 45. Kh2 Rb2 46. h4 h5 47. Kg3 Rb3+ 48. Kf2 Rb2+ 49. Kf3 g6 50. g3 Rb3+ 51. Ke4 Rxg3 52. Rb4 Kxc6 53. b8Q e5 54. Qxe5 g5 55. Rc4+ Kd7 56. Rd4+ Kc6 57. Qd5+ Kc7 58. Rc4+ 1-0

[Event "IRI-ch U16"]
[Site "Chess.com INT"]
[Date "2021.01.16"]
[Round "9"]
[White "Rahimi Shahmirzadi, Parsa"]
[Black "Namazian, Ehsan"]
[Result "1/2-1/2"]
[WhiteElo "1486"]
[BlackElo "1213"]
[PlyCount "137"]
[EventDate "2021.01.16"]
[EventType "swiss"]
[EventRounds "11"]
[EventCountry "IRI"]
[SourceTitle "EXT 2022"]
[Source "ChessBase"]
[SourceDate "2021.10.06"]
[SourceVersion "1"]
[SourceVersionDate "2021.10.06"]
[SourceQuality "1"]

1. Nf3 Nf6 2. g3 g6 3. Bg2 Bg7 4. 0-0 0-0 5. d3 d5 6. Nbd2 c6 7. e4 dxe4 8. dxe4 Be6 9. Qe2 Nbd7 10. Ng5 Nc5 11. e5 Nd5 12. c3 Bf5 13. Nge4 Bxe4 14. Nxe4 Nxe4 15. Qxe4 e6 16. c4 Nb6 17. Be3 Qc7 18. Bc5 Rfd8 19. Bd6 Qd7 20. Rad1 Qe8 21. Rfe1 Bf8 22. c5 Nd5 23. Qc2 Bxd6 24. exd6 b6 25. Bxd5 cxd5 26. Rxd5 bxc5 27. Qxc5 Rdc8 28. d7 Qxd7 29. Rxd7 Rxc5 30. Rb7 Rc6 31. Rd1 Rb6 32. Rdd7 Rxb7 33. Rxb7 a6 34. Rb6 Kf8 35. Rb4 Rc8 36. Ra4 Rc2 37. b4 Rc6 38. Ra5 Rb6 39. a3 Ke7 40. Kf1 Kd6 41. Ke2 Kc6 42. Kd3 Kb7 43. Rc5 f6 44. Ke4 h5 45. f4 Rb5 46. Rc4 f5+ 47. Ke3 e5 48. fxe5 Rxe5+ 49. Kf3 g5 50. h4 gxh4 51. gxh4 Rd5 52. Kf4 a5 53. Kg5 axb4 54. axb4 f4+ 55. Kxf4 Kb6 56. Re4 Kb5 57. Re5 Rxe5 58. Kxe5 Kxb4 59. Kf5 Kc5 60. Kg5 Kd6 61. Kxh5 Ke7 62. Kh6 Kf8 63. Kh7 Kf7 64. h5 Kf8 65. Kh8 Kf7 66. Kh7 Kf8 67. Kg6 Kg8 68. h6 Kh8 69. h7 1/2-1/2

[Event "IRI-ch U16"]
[Site "Chess.com INT"]
[Date "2021.01.16"]
[Round "7"]
[White "Talebi, Aria"]
[Black "Namazian, Ehsan"]
[Result "1/2-1/2"]
[WhiteElo "1621"]
[BlackElo "1213"]
[PlyCount "71"]
[EventDate "2021.01.16"]
[EventType "swiss"]
[EventRounds "11"]
[EventCountry "IRI"]
[SourceTitle "EXT 2022"]
[Source "ChessBase"]
[SourceDate "2021.10.06"]
[SourceVersion "1"]
[SourceVersionDate "2021.10.06"]
[SourceQuality "1"]

1. d4 d5 2. Nf3 Nf6 3. Bf4 c5 4. e3 e6 5. c3 Bd6 6. Bg3 Qc7 7. Bd3 Nbd7 8. Nbd2 b6 9. Qe2 Bb7 10. 0-0 0-0 11. Rfe1 e5 12. dxe5 Nxe5 13. Nxe5 Bxe5 14. Nf3 Bxg3 15. hxg3 Ne4 16. c4 dxc4 17. Bxe4 Bxe4 18. Qxc4 Bxf3 19. gxf3 Rfd8 20. Rad1 g6 21. Kg2 Rxd1 22. Rxd1 Rd8 23. Rh1 Rd2 24. Qh4 f5 25. Qf6 Qd6 26. Qh4 h5 27. Qa4 Rxb2 28. Rd1 Rd2 29. Qe8+ Kg7 30. Rxd2 Qxd2 31. Qe7+ Kh6 32. Qf8+ Kh7 33. Qf7+ Kh6 34. Qf8+ Kh7 35. Qf7+ Kh6 36. Qf8+ 1/2-1/2